Normal view
MARC view
Entry Topical Term
001 - CONTROL NUMBER
- control field: 6338
003 - CONTROL NUMBER IDENTIFIER
- control field: ARRUPE
005 - DATE AND TIME OF LATEST TRANSACTION
- control field: 20131220142353.0
008 - FIXED-LENGTH DATA ELEMENTS
- fixed length control field: 131220|| aca||aabn | a|a d
040 ## - CATALOGING SOURCE
- Original cataloging agency: ARRUPE
- Transcribing agency: ARRUPE
150 ## - HEADING--TOPICAL TERM
- Topical term or geographic name as entry element: Bible O.T.
- General subdivision: Psalms
- General subdivision: English
- General subdivision: Church of England
- General subdivision: Liturgy - Chants
670 ## - SOURCE DATA FOUND
- Source citation: Work cat.: (ARRUPE): Church of England 6337, Psalmi selecti, 1934